Movies Quiz

Random Movies or Disney Quiz

Disney Movies A-Z Quiz Stats

 Plays Quiz Updated Apr 28, 2019

Score 0/25 Timer 07:00
0 Plays Today
% Correct
Dumbo
97.2%
Alice in Wonderland
96.7%
The Jungle Book
92.6%
Mary Poppins
92.1%
Lady and the Tramp
91.4%
Wreck-It Ralph
83.2%
Freaky Friday
82.5%
The BFG
82.2%
Honey, I Shrunk the Kids
80.4%
A Goofy Movie
73%
Zootopia
72.2%
The Santa Clause
71.8%
Enchanted
69.8%
% Correct
Tron
69.8%
Cool Runnings
68.1%
Into the Woods
56.9%
National Treasure
55.8%
Pete's Dragon
55%
Remember the Titans
46.5%
Old Yeller
43.4%
Valiant
19.1%
Kidnapped
13.8%
Queen of Katwe
9.3%
The Ugly Dachshund
5.2%
The Young Black Stallion
4%

You're not logged in!

Compare scores with friends on all Sporcle quizzes.
OR
Log In

Sporcle TV

Today on Sporcle TV


Watch our educational content, quiz creation guides, and fun videos on Sporcle TV.

Show Comments

Extras

Top Quizzes Today


Score Distribution

Your Account Isn't Verified!

In order to create a playlist on Sporcle, you need to verify the email address you used during registration. Go to your Sporcle Settings to finish the process.

Report this User

Report this user for behavior that violates our Community Guidelines.

Details: